000 02228nam0a2200385 4500
001 RU\NLR\bibl\1516413
005 20250616025154.0
010 _a978-5-222-16260-6
_93000
021 _aRU
_b2010-28625
_91929
035 _a(nilc)RSL-KNO-004632812
035 _a(NLR Aleph) 001507790
090 _a61102
_c61102
100 _a20100421d2010 |||y0rusy50 ca
101 0 _arus
102 _aRU
105 _aa zzzz|||||
200 1 _aIllustrator CS4 на практике
_e[палитры и панели, объекты и символы, контуры и заливка, графические эффекты, операции с текстом, градиентные сетки]
_fС. А. Золотарев
210 _aРостов-на-Дону
_cФеникс
_d2010
215 _a158 с.
_cил.
_d24
225 1 _aНародный самоучитель
606 1 _aADOBE ILLUSTRATOR CS 4, графический редактор
_92570359
_3RU\NLR\auth\661520009
610 0 _aВычислительная техника -- Вычислительные машины электронные цифровые -- Персональные компьютеры -- Элементы и узлы -- Управляющие, вводные и выводные устройства -- Машинная графика -- Программирование -- Графическое программирование -- Автоматизация. Редакторы
610 0 _aИскусство. Искусствознание -- Графика -- Виды графики -- Компьютерная графика -- Техника компьютерной графики -- Учебник для самообразования
610 0 _aвекторная графика
686 _aЗ973.26-044.4-018.3-5-05,0
_2rubbk
686 _aЩ159компьютерная графика080я78-1
_2rubbk
686 _aЗ973.23-018.3
700 1 _aЗолотарев
_bС. А.
_gСергей Анатольевич
_4070
801 0 _aRU
_bРГБ
_c20100421
_grcr
801 1 _aRU
_bРГБ
_c20100421
801 2 _aRU
_bNLR
_c20100528
_grcr
830 _aавт. по кн.
942 _cBOOK
980 _aNB